|
|
|
|
| LEADER |
00000nab a2200000 a 4500 |
| 001 |
vtls008826939 |
| 003 |
SK-MaSNL |
| 005 |
20260305040926.0 |
| 008 |
250505c2006 xo |||||||||||000 b|slo |
| 015 |
|
|
|a SNBRB2006/06
|2 snkbucl
|
| 035 |
|
|
|a urn:nbn:sk:snk-ab87zq
|
| 035 |
|
|
|a (urnnbn)urn:nbn:sk:snk:ar-006pvi
|
| 035 |
|
|
|a (uuid)14dcfb7a-47ec-436d-9cdc-3575f9f74241
|
| 038 |
|
|
|a SNKBUCL
|
| 040 |
|
|
|a SNKBUCL
|b slo
|c SNKBUCL
|e AACR2
|
| 041 |
0 |
|
|a slo
|
| 044 |
|
|
|a xo
|c SK
|
| 080 |
|
|
|a 636.1:631.115.7
|x (437.6)
|2 1997
|
| 080 |
|
|
|a 631.14:636.1
|x (437.6)
|2 1997
|
| 080 |
|
|
|a 631.115.7
|x (437.6)
|2 1997
|
| 100 |
1 |
|
|a Kovalčík, Emil
|4 aut
|9 300659
|
| 245 |
1 |
0 |
|a Pohľad na chovateľskú sezónu v roku 2005
|b najvýznamnejšou udalosťou tohto roka bude oslava 85. výroča založenia Národného žrebčína Topoľčianky
|c Emil Kovalčík
|
| 300 |
|
|
|b Fotogr., tab.
|
| 610 |
2 |
7 |
|a Národný žrebčín (Topoľčianky, Slovensko)
|2 snkbucl
|9 180030
|
| 648 |
|
7 |
|a 2005
|2 snkbucl
|9 305506
|
| 650 |
0 |
7 |
|a kone
|2 snkbucl
|9 2809
|
| 650 |
0 |
7 |
|a chov hospodárskych zvierat
|2 snkbucl
|9 2802
|
| 651 |
|
7 |
|a Topoľčianky (Slovensko)
|2 snkbucl
|9 31565
|
| 651 |
|
7 |
|a Zlaté Moravce (Slovensko : okres)
|2 snkbucl
|9 31398
|
| 773 |
0 |
|
|t Slovenský chov
|g Roč. XI, č. 3 (2006), s. 34-35
|x 1335-1990
|
| 850 |
|
|
|a Slovenská národná knižnica
|
| 852 |
|
|
|a Slovenská národná knižnica
|
| 954 |
|
|
|a odborná, vedecká literatúra pôvodná (slovenská)
|2 lita
|
| 958 |
|
|
|a article9
|
| 958 |
|
|
|a OND
|
| 958 |
|
|
|a SK
|
| 958 |
|
|
|a EUIPO
|
| 999 |
|
|
|c 3341007
|d 3342937
|